Get the Picture: Disney Princesses II Quiz Stats

 Plays Quiz Updated Jun 30, 2019

Score 0/16 Timer 05:00
10 Plays Today
Question Answer Wrong Answers
Love Interest
Beast
Belle
97.4%
Jasmine
0.3%
Pocahontas
0.2%
Mulan
0.3%
Movie
Aladdin
Jasmine
97.4%
Belle
0.2%
Pocahontas
0.3%
Mulan
0.3%
Movie
Beauty and the Beast
Belle
97.3%
Jasmine
0.3%
Pocahontas
0.1%
Mulan
0.3%
Love Interest
Aladdin
Jasmine
97.2%
Belle
0.3%
Pocahontas
0.3%
Mulan
0.3%
Movie
Pocahontas
Pocahontas
97%
Belle
0.2%
Jasmine
0.5%
Mulan
0.3%
Villain
Jafar
Jasmine
95.8%
Belle
0.4%
Pocahontas
0.7%
Mulan
1.2%
Villain
Gaston
Belle
95.4%
Jasmine
0.7%
Pocahontas
0.8%
Mulan
1.2%
Love Interest
Li Shang
Mulan
95.3%
Belle
0.2%
Jasmine
0.8%
Pocahontas
1.9%
Villain
Shan Yu
Mulan
95.2%
Belle
0.3%
Jasmine
0.9%
Pocahontas
1.7%
Love Interest
John Smith
Pocahontas
94.6%
Belle
1.5%
Jasmine
0.9%
Mulan
1%
Song
Colors of the Wind
Pocahontas
94.1%
Belle
0.9%
Jasmine
1.9%
Mulan
1.3%
Movie
Mulan
Mulan
93.8%
Belle
0.1%
Jasmine
1%
Pocahontas
3.3%
Song
A Whole New World
Jasmine
88.1%
Belle
2.1%
Pocahontas
7.1%
Mulan
0.7%
Villain
Governor Ratcliffe
Pocahontas
86.3%
Belle
4.9%
Jasmine
1.5%
Mulan
5.4%
Song
Something There
Belle
74.2%
Jasmine
4.6%
Pocahontas
9.9%
Mulan
9.4%
Song
Reflection
Mulan
71.8%
Belle
4.7%
Jasmine
3.4%
Pocahontas
18.4%

Today's Daily Dose

Missing Word
Celine Dion

Word Ladder
Dr. Seuss Books

Quick Pick
Cities in India

Get the Picture
'A' Actresses

You're not logged in!

Compare scores with friends on all Sporcle quizzes.
OR
Log In

Sporcle TV

Today on Sporcle TV


Watch our educational content, quiz creation guides, and fun videos on Sporcle TV.

Show Comments

Extras

Top Quizzes Today


Score Distribution

Your Account Isn't Verified!

In order to create a playlist on Sporcle, you need to verify the email address you used during registration. Go to your Sporcle Settings to finish the process.

Report this User

Report this user for behavior that violates our Community Guidelines.

Details: